000 00642nam a2200205Ia 4500
999 _c53182
_d53182
003 GCL
005 20240530105113.0
008 140319s9999 xx 000 0 ara d
040 _aGCL /
_cGCL
082 0 4 _a953.079/
_bع ت
100 1 _aعبدالمنعم النمر
245 1 0 _aتاريخ الاسلام فى الهند /
_cعبدالمنعم النمر
260 _a[S.N] :
_bالمؤسسة الجامعية للدراسات والنشر والتوزيع ،
_c1981
300 _a604 ص
650 0 4 _aتاريخ
650 0 4 _aالاسلام
650 0 4 _aالاسلام - تاريخ
650 0 4 _aالهند
942 _2ddc
_cBK